000 00550nam a2200217Ia 4500
003 OSt
005 20221005123620.0
006 a|||||r|||| 00| 0
007 ta
008 221004b |||||||| |||| 00| 0 mar d
024 _a46151
037 _cTextual
040 _aCRL
_cCRL
_bmar
041 _2mar
_amar
082 _aY74435:1v, 155J1
100 _aPendse
_9225216
245 0 _aMa harashtracha sanskrutik itihas
650 _aSOCIOLOGY
942 _hY74435:1v, 155J1
_cTEXL
_2cc
999 _c1047934
_d1047934